01370 2200637 4500001002100000005001500021008004100036020002200077035002000099082000800119084001400127100001800141245003400159260003100193300002800224990001200252990001200264990001200276990001200288990001200300990001200312990001200324990001200336990001200348990001200360990001200372990001200384990001200396990001200408990001200420990001200432990001200444990001200456990001200468990001200480990001200492990001200504990001200516990001200528990001200540990001200552990001200564990001200576990001200588990001200600990001200612990001200624990001200636990001200648990001200660990001200672990001200684990001200696990001200708990001200720INLIS00000000000147620241015070719241015 0  a978-623-180-731-1 a0010-1024000029 a430 a430 HEL p aRosana, Helmi1 aBahasa Jerman /cHelmi Rosana aJakarta :bErlangga,c2024 a296 hlm ;c17,5 x 25 cm a0753568 a0753569 a0753570 a0753571 a0753572 a0753573 a0753574 a0753575 a0753576 a0753577 a0753578 a0753579 a0753580 a0753581 a0753582 a0753583 a0753584 a0753585 a0753586 a0753587 a0753588 a0753589 a0753590 a0753591 a0753592 a0753593 a0753594 a0753595 a0753596 a0753597 a0753598 a0753599 a0753600 a0753601 a0753602 a0753603 a0753604 a0753605 a0753606 a0753607